000
00350nam a2200145Ia 4500
005
20250603150001.0
008
250603s9999 xx 000 0 und d
020
_a
078938230
050
_a
RT 69 .A5 .K55/
100
_a
Knight, John
245
0
_a
Understanding anatomy and physiology in nursing
260
_c
2023
300
_a
444 p
942
_c
BK
999
_c
43429
_d
43429